00485caa a22001932a 4500001000900000003001100009008004700020092001500067100002000082700005800102245004000160245002300200300001000223440000700233260001300240650001400253942000900267999001500276 000053 AR-FADEU 311216n############xxu####################dd aPP(361)ACC aCepeda, Antonia aRosario, Correa / Adriana, Muñoz / Ximena, Valdés bDel apoyo escolar al apoyo afectivo aAcción crítica a15-24 n16 cdic 1984 aEDUCACION cPPGR c2831d2831